Welcome to the Holygrace Academy Library

Please use search bar below to get started

A FEAST FOR CROW (Record no. 7041)

MARC details
000 -LEADER
fixed length control field 00629nam a22001457a 4500
020 ## - INTERNATIONAL STANDARD BOOK NUMBER
ISBN 978-0-00-744786-2
082 ## - DEWEY DECIMAL CLASSIFICATION NUMBER
Classification number 823
Item number MAR/F
100 ## - MAIN ENTRY--AUTHOR NAME
Personal name MARTIN, GEORGE R R
245 ## - TITLE STATEMENT
Title A FEAST FOR CROW
260 ## - PUBLICATION, DISTRIBUTION, ETC. (IMPRINT)
Place of publication IRELAND
Name of publisher HARPER COLLINS
300 ## - PHYSICAL DESCRIPTION
Number of Pages 852
520 ## - SUMMARY, ETC.
Summary, etc A Feast for Crows focuses on the Lannister family's continuing consolidation of power following victory in the “War of the Five Kings.” Specifically, it follows the events precipitated by the murder of Tywin Lannister, who had been de facto ruler of Westeros. In his place, his daughter Cersei, seizes power.
650 ## - SUBJECT ADDED ENTRY--TOPICAL TERM
Topical Term ENGLISH NOVEL
Geographic subdivision IRELAND
942 ## - ADDED ENTRY ELEMENTS (KOHA)
Koha item type Books
Holdings
Withdrawn status Lost status Collection code Home library Current library Shelving location Date acquired Source of acquisition Full call number Accession Number Koha item type
    Fiction Main Library Main Library NEW SHELF WITH NEW ENTRY 26/10/2023 PURCHASE 823 MAR/F 13225 Books